书目信息 |
| 题名: |
影视心理学
|
|
| 作者: | 彭玲 著 | |
| 分册: | ||
| 出版信息: | 上海 上海交通大学出版社 2006 |
|
| 页数: | 243页 | |
| 开本: | 23cm | |
| 丛书名: | ||
| 单 册: | ||
| 中图分类: | J90-05 | |
| 科图分类: | ||
| 主题词: | 电影学--艺术心理学 , 电视--艺术心理学 | |
| 电子资源: | ||
| ISBN: | 978-7-313-04387-0 | |
| 000 | 00913nam0 2200241 450 | |
| 001 | 1550101884 | |
| 005 | 20150118135530.93 | |
| 010 | @a978-7-313-04387-0@dCNY25.00 | |
| 100 | @a20060124d2006 em y0chiy0110 ea | |
| 101 | 0 | @achi |
| 102 | @aCN@b310000 | |
| 105 | @aa z 000yy | |
| 200 | 1 | @a影视心理学@9Ying Shi Xin Li Xue@f彭玲著@FPeng Ling Zhu |
| 210 | @a上海@c上海交通大学出版社@d2006 | |
| 215 | @a243页@c图@d23cm | |
| 314 | @a彭玲,上海交通大学媒体与设计学院教授。 | |
| 330 | @a本书系统地探讨了影视物理再现过程中人的各种物理—生理—心理反应机制以及视听思维特征,并以审美认知理论、行为主义理论、心理分析论以及人本主义理论等现代心理学理论为基础,同时融入大众传播学理论来探讨影视传播活动中传播主体的各种心理现象和行为规律。 | |
| 606 | 0 | @a电影学@x艺术心理学 |
| 606 | 0 | @a电视@x艺术心理学 |
| 690 | @aJ90-05@v5 | |
| 701 | 0 | @a彭玲@9Peng Ling@4著 |
| 801 | 0 | @aCN@bTSSF@c20150118 |
| 905 | @aZUCC@dJ90-05@eJY28 | |
| 影视心理学/彭玲著.-上海:上海交通大学出版社,2006 |
| 243页:图;23cm |
| ISBN 978-7-313-04387-0:CNY25.00 |
| 本书系统地探讨了影视物理再现过程中人的各种物理—生理—心理反应机制以及视听思维特征,并以审美认知理论、行为主义理论、心理分析论以及人本主义理论等现代心理学理论为基础,同时融入大众传播学理论来探讨影视传播活动中传播主体的各种心理现象和行为规律。 |
| ● |
| 相关链接 |
|
|
|
|
正题名:影视心理学
索取号:J90-05/JY28
 
预约/预借
| 序号 | 登录号 | 条形码 | 馆藏地/架位号 | 状态 | 备注 |
| 1 | 7849032 | 278490321 | 学院路分馆/ [索取号:J90-05/JY28] | 在馆 | |
| 2 | 7849033 | 278490330 | 学院路分馆/ [索取号:J90-05/JY28] | 在馆 |